Composition CDM 2014 : Allemagne 7-1 Brésil - Statistiques

Statistiques générales
  • Ce quiz a été pris 447 fois
  • Le résultat moyen est 16 sur 30
Statistiques - réponses
Réponses % Correct
Neuer
94%
Muller
86%
Lahm
84%
Oscar
83%
Klose
82%
Boateng
81%
David Luiz
80%
Kroos
79%
Marcelo
79%
Hummels
77%
Julio Cesar
69%
Khedira
69%
Joachim Low
68%
Ozil
57%
Schurrle
56%
Hulk
55%
Schweinsteiger
53%
Fred
51%
Howedes
37%
Willian
31%
Dante
29%
Fernandinho
28%
Luiz Gustavo
25%
Maicon
24%
Luiz Felipe Scolari
21%
Bernard
20%
Paulinho
19%
Draxler
18%
Ramires
18%
Mertesacker
14%
Aucun quiz correspondant
Distribution des résultats
% des personnes avec chaque résultat
Percentile par nombre de réponses
Votre historique - résultats
Vous n’avez pas pris ce quiz